000 00994nam a2200313 a 4500
001 30587
003 BD-RJUL
005 20211209051603.0
008 140410s19591910enk 001 0 eng d
020 _a0460004816 (hbk.)
035 _a(BD-RJUL)30673
040 _aBD-RjUL
_beng
_cBD-RjUL
041 1 _aenglat
082 _a170
_bSPS 1959
100 1 _aSpinoza, Benedictus de,
_d1632-1677.
_992925
245 1 0 _aSpinoza's Ethics and On the correction of the understanding /
_ctranslated by Andrew Boyle.
246 3 0 _aOn the correction of the understanding.
250 _aRevised translation
260 _aLondon :
_bDent,
_c1959.
300 _axliv, 267 p. ;
_c19 cm.
504 _aIncludes index
650 0 _aEthics.
_992926
830 0 _v481
_992936
700 1 2 _aSpinoza, Benedictus de,
_d1632-1677.
_tTractatus de intellectus emendatione.
_lEnglish.
_992928
700 1 _aBoyle, Andrew.
_992929
830 0 _aEveryman's library ;
_992937
942 _2ddc
_cBK
999 _c30587
_d30587